It looks like you're offline.
Open Library logo
additional options menu

MARC record from Internet Archive

LEADER: 01256cam 2200337Ma 4500
001 ocm54848316
003 OCoLC
005 20210607011504.0
008 040329s2001 enkab 000 0 eng d
040 $aEQO$beng$cEQO$dOCLCQ$dYDXCP$dOCLCF$dOCLCQ$dOCLCO$dOCLCQ
020 $a0954033116
020 $a9780954033118
035 $a(OCoLC)54848316
041 1 $aeng$afre$ager$ajpn
043 $ae-uk-en
100 1 $aDanks, Fiona.
245 14 $aThe Cotswolds :$ba practical guide and souvenir /$c[text by Fiona Danks and Angus Palmer ; photographs Chris Andrews and Angus Palmer].
260 $aOxford :$bChris Andrews Publications,$c2001.
300 $a31 pages :$bcolor illustrations, map ;$c20 x 21 cm
336 $atext$btxt$2rdacontent
337 $aunmediated$bn$2rdamedia
338 $avolume$bnc$2rdacarrier
500 $aFold out map attached to the inside back cover.
500 $aText also in French, German and Japanese.
651 0 $aCotswold Hills (England)$vGuidebooks.
651 7 $aEngland$zCotswold Hills.$2fast$0(OCoLC)fst01241235
655 7 $aGuidebooks.$2fast$0(OCoLC)fst01423871
700 1 $aPalmer, Angus.
938 $aYBP Library Services$bYANK$n3699747
994 $aZ0$bP4A
948 $hNO HOLDINGS IN P4A - 3 OTHER HOLDINGS